| 000 | 00719nam a22002177a 4500 | ||
|---|---|---|---|
| 008 | 150515b xxu||||| |||| 00| 0 eng d | ||
| 020 | _a9780073530673 (alk. paper) | ||
| 020 | _a0073530670 (alk. paper) | ||
| 041 | 0 | _aeng | |
| 080 | _a332 | ||
| 100 | 1 | _aCornett, Marcia Millon. | |
| 245 | 1 | 2 |
_aFinance : _cMarcia Millon Cornett, Troy A. Adair Jr., John Nofsinger. |
| 250 | _aBotimi dytë | ||
| 260 |
_aNew York : _bMcGraw-Hill/Irwin, _cc2011 . |
||
| 300 |
_a702 f _bme il _c31 cm. |
||
| 490 | 0 | _aThe McGraw-Hill/Irwin series in finance, insurance and real estate | |
| 650 | 0 | _aFinancat | |
| 700 | 1 |
_aAdair, Troy A. _d1964- _q(Troy Alton), |
|
| 700 | 1 | _aNofsinger, John R. | |
| 942 |
_2udc _cBK |
||
| 999 |
_c750 _d750 |
||